<?xml version="1.0" encoding="UTF-8"?>
<record
    xmlns:xsi="http://www.w3.org/2001/XMLSchema-instance"
    xsi:schemaLocation="http://www.loc.gov/MARC21/slim http://www.loc.gov/standards/marcxml/schema/MARC21slim.xsd"
    xmlns="http://www.loc.gov/MARC21/slim">

  <leader>01268nam a2200277Ia 4500</leader>
  <controlfield tag="003">OSt</controlfield>
  <controlfield tag="005">20240530121956.0</controlfield>
  <controlfield tag="008">210719s2020    xx            000 0 und d</controlfield>
  <datafield tag="020" ind1=" " ind2=" ">
    <subfield code="a">978-81-944839-0-8</subfield>
  </datafield>
  <datafield tag="040" ind1=" " ind2=" ">
    <subfield code="c">AL</subfield>
  </datafield>
  <datafield tag="041" ind1=" " ind2=" ">
    <subfield code="a">Konkani / Devnagari / Romi</subfield>
  </datafield>
  <datafield tag="082" ind1=" " ind2=" ">
    <subfield code="a">891.468 FERM</subfield>
  </datafield>
  <datafield tag="100" ind1=" " ind2=" ">
    <subfield code="a">FERNANDES (ANTONIO VERONICA)</subfield>
    <subfield code="9">114658</subfield>
  </datafield>
  <datafield tag="245" ind1=" " ind2=" ">
    <subfield code="a">Madda thaun telakhonni poriant </subfield>
    <subfield code="b">&#x92E;&#x93E;&#x921;&#x93E; &#x925;&#x93E;&#x935;&#x928; &#x924;&#x947;&#x932;&#x93E;&#x916;&#x93E;&#x923;&#x940; &#x92A;&#x930;&#x92F;&#x93E;&#x902;&#x924; </subfield>
    <subfield code="c">&#xCAE;&#xCBE;&#xCA1;&#xCBE; &#xCA5;&#xCBE;&#xCB5;&#xCCD;&#xCA8;&#xCCD; &#xCA4;&#xCC6;&#xCB2;&#xCBE;&#xC96;&#xCA3;&#xCBF; &#xCAA;&#xCB0;&#xCCD;&#xCAF;&#xC82;&#xCA4;&#xCCD;      </subfield>
  </datafield>
  <datafield tag="260" ind1=" " ind2=" ">
    <subfield code="a">Mangaluru</subfield>
    <subfield code="b">Konkani Prakashanalaya</subfield>
    <subfield code="c">2020</subfield>
  </datafield>
  <datafield tag="300" ind1=" " ind2=" ">
    <subfield code="a">213</subfield>
    <subfield code="b">PB</subfield>
  </datafield>
  <datafield tag="365" ind1=" " ind2=" ">
    <subfield code="b">250</subfield>
    <subfield code="c">Rs</subfield>
  </datafield>
  <datafield tag="650" ind1=" " ind2=" ">
    <subfield code="a">Konkani Literature</subfield>
    <subfield code="9">114659</subfield>
  </datafield>
  <datafield tag="650" ind1=" " ind2=" ">
    <subfield code="a">Kuwait - iraq war expirience</subfield>
    <subfield code="9">114694</subfield>
  </datafield>
  <datafield tag="650" ind1=" " ind2=" ">
    <subfield code="a">kuwait Iraq zuza Onbogachim borapam</subfield>
    <subfield code="9">114681</subfield>
  </datafield>
  <datafield tag="650" ind1=" " ind2=" ">
    <subfield code="a">Konkani Miscellaneous</subfield>
    <subfield code="9">114660</subfield>
  </datafield>
  <datafield tag="650" ind1=" " ind2=" ">
    <subfield code="a">&#xC95;&#xCC1;&#xCB5;&#xCC8;&#xC9F;&#xCCD; - &#xC87;&#xCB0;&#xCBE;&#xC95;&#xCCD; &#xC9D;&#xCC1;&#xC9C;&#xCBE; &#xC85;&#xCA8;&#xCCD;&#xCAD;&#xCCB;&#xC97;&#xCBE;&#xC9A;&#xCBF;&#xC82; &#xCAC;&#xCB0;&#xCCD;&#xCAA;&#xC82; </subfield>
    <subfield code="9">114693</subfield>
  </datafield>
  <datafield tag="700" ind1=" " ind2=" ">
    <subfield code="a">QUADROS (Valley)</subfield>
    <subfield code="d">&#xCB5;&#xCB2;&#xCCD;&#xCB2;&#xCBF; &#xC95;&#xCCD;&#xCB5;&#xCBE;&#xCA1;&#xCCD;&#xCB0;&#xCB8;&#xCCD;   tr</subfield>
    <subfield code="9">159024</subfield>
  </datafield>
  <datafield tag="906" ind1=" " ind2=" ">
    <subfield code="a">anbogachim ; barapam ; by ; irak ; Iraq ; khonni ; kuvait ; Kuwait ; Madathavn ; Madda ; paryant: ; poryant ; Quadras ; tela ; telakhani ; thaun ; thavn ; tr ; Vally ; zaja</subfield>
  </datafield>
  <datafield tag="942" ind1=" " ind2=" ">
    <subfield code="2">ddc</subfield>
    <subfield code="c">BK</subfield>
  </datafield>
  <datafield tag="999" ind1=" " ind2=" ">
    <subfield code="c">211719</subfield>
    <subfield code="d">211719</subfield>
  </datafield>
  <datafield tag="952" ind1=" " ind2=" ">
    <subfield code="0">0</subfield>
    <subfield code="1">0</subfield>
    <subfield code="4">0</subfield>
    <subfield code="7">0</subfield>
    <subfield code="8">Konkani</subfield>
    <subfield code="a">AL</subfield>
    <subfield code="b">AL</subfield>
    <subfield code="d">2021-02-05</subfield>
    <subfield code="e">Ashawadi Prakashan, Ghansoli, Maharastra-400701 | General Annual</subfield>
    <subfield code="g">250.00</subfield>
    <subfield code="l">0</subfield>
    <subfield code="o">891.468 FERM</subfield>
    <subfield code="p">074533</subfield>
    <subfield code="r">2021-07-19 00:00:00</subfield>
    <subfield code="v">200.00</subfield>
    <subfield code="w">2021-07-19</subfield>
    <subfield code="y">BK</subfield>
  </datafield>
  <datafield tag="952" ind1=" " ind2=" ">
    <subfield code="0">0</subfield>
    <subfield code="1">0</subfield>
    <subfield code="4">0</subfield>
    <subfield code="7">0</subfield>
    <subfield code="8">Konkani</subfield>
    <subfield code="a">AL</subfield>
    <subfield code="b">AL</subfield>
    <subfield code="d">2021-02-05</subfield>
    <subfield code="e">Ashawadi Prakashan, Ghansoli, Maharastra-400701 | General Annual</subfield>
    <subfield code="g">250.00</subfield>
    <subfield code="l">0</subfield>
    <subfield code="o">891.468 FERM</subfield>
    <subfield code="p">074534</subfield>
    <subfield code="r">2021-07-19 00:00:00</subfield>
    <subfield code="v">200.00</subfield>
    <subfield code="w">2021-07-19</subfield>
    <subfield code="y">BK</subfield>
  </datafield>
</record>
